Welcome to the Holygrace Academy Library

Please use search bar below to get started

DICTIONARY OF WORD POWER (Record no. 1738)

MARC details
000 -LEADER
fixed length control field 00292nam a22001217a 4500
082 ## - DEWEY DECIMAL CLASSIFICATION NUMBER
Classification number 030
Item number LEW/D
100 ## - MAIN ENTRY--AUTHOR NAME
Personal name LEWIS, NORMAN
245 ## - TITLE STATEMENT
Title DICTIONARY OF WORD POWER
260 ## - PUBLICATION, DISTRIBUTION, ETC. (IMPRINT)
Place of publication DELHI
Name of publisher W.R.GOYAL PUBLISHERS AND DISTRIBUTERS
Year of publication 2004
300 ## - PHYSICAL DESCRIPTION
Number of Pages 1232
650 ## - SUBJECT ADDED ENTRY--TOPICAL TERM
Topical Term DICTIONARY
Geographic subdivision INDIA
942 ## - ADDED ENTRY ELEMENTS (KOHA)
Koha item type Books
Holdings
Withdrawn status Lost status Collection code Home library Current library Shelving location Date acquired Source of acquisition Cost, normal purchase price Full call number Accession Number Koha item type
    Reference Main Library Main Library SHELF 1-A DICTIONARIES 02/10/2006 purchase 195.00 030 LEW/D 00814 Books